[Event "PRVA LIGA  CENTRALNE SRBIJE"]
[Site "Vrnjacka Banja"]
[Date "2012.10.05"]
[Round "9.1"]
[White "Rusev, Krasimir"]
[Black "Chatalbashev, Boris"]
[Result "1/2-1/2"]
[WhiteElo "2544"]
[BlackElo "2549"]
[PlyCount "39"]
[EventDate "2012.09.29"]

1. d4 c5 2. e4 cxd4 3. c3 Nf6 4. e5 Nd5 5. cxd4 Nc6 6. Nf3 d6 7. exd6 e6 8. Nc3
Bxd6 9. Bd3 O-O 10. O-O Be7 11. Be4 Bf6 12. a3 Re8 13. Qd3 g6 14. Re1 Nxc3 15.
bxc3 Bd7 16. Bf4 Rc8 17. Rab1 b6 18. c4 Na5 19. Rec1 Bc6 20. d5 1/2-1/2

[Event "PRVA LIGA  CENTRALNE SRBIJE"]
[Site "Vrnjacka Banja"]
[Date "2012.10.05"]
[Round "9.1"]
[White "Indjic, Aleksandar"]
[Black "Radovanovic, Dusan"]
[Result "1-0"]
[WhiteElo "2494"]
[BlackElo "2359"]
[PlyCount "124"]
[EventDate "2012.09.29"]

1. d4 Nf6 2. Nf3 e6 3. g3 b6 4. Bg2 Bb7 5. c4 Bb4+ 6. Bd2 Bxd2+ 7. Qxd2 O-O 8.
Nc3 Ne4 9. Qd3 Nxc3 10. Ng5 Ne4 11. Nxe4 Nc6 12. O-O f5 13. Nc3 Qf6 14. e3 Nb4
15. Qd2 Bxg2 16. Kxg2 Nc6 17. b3 Nd8 18. f4 Nf7 19. e4 fxe4 20. Nxe4 Qg6 21.
Nc3 Nd6 22. Rae1 Rf5 23. d5 Raf8 24. dxe6 dxe6 25. Qe3 R8f6 26. Rf3 Rh5 27. Ne4
Nxe4 28. Qxe4 Qxe4 29. Rxe4 Rc5 30. Rd3 a5 31. Rd8+ Kf7 32. a4 Ke7 33. Red4 Rf7
34. R4d7+ Kf6 35. Kf3 Rxd7 36. Rxd7 h5 37. Ke4 g6 38. h3 g5 39. g4 hxg4 40.
hxg4 gxf4 41. Kxf4 Kg6 42. Re7 Kf6 43. Rh7 Rc6 44. g5+ Kg6 45. Re7 Rd6 46. Rxc7
Rd3 47. Rc6 Rxb3 48. Rxe6+ Kf7 49. Rc6 Rb1 50. Ke5 Kg7 51. Kd6 Rb4 52. Kc7 Rxa4
53. Kxb6 Ra1 54. Kb5 a4 55. Kb4 a3 56. Kb3 Kf7 57. Rc5 Ke7 58. Ra5 Kd6 59. Rxa3
Rg1 60. Ra5 Ke6 61. Rd5 Rg3+ 62. Kb4 Rg1 1-0

[Event "PRVA LIGA  CENTRALNE SRBIJE"]
[Site "Vrnjacka Banja"]
[Date "2012.10.05"]
[Round "9.1"]
[White "Zivkovic, Ivan B"]
[Black "Todorovic, Goran N"]
[Result "1/2-1/2"]
[WhiteElo "2351"]
[BlackElo "2388"]
[PlyCount "119"]
[EventDate "2012.09.29"]

1. e4 d6 2. d4 Nf6 3. Nc3 g6 4. Be3 c6 5. f3 Nbd7 6. Qd2 b5 7. a4 b4 8. Nd1 a5
9. c3 Rb8 10. Bd3 Bg7 11. Ne2 O-O 12. O-O e5 13. Nf2 d5 14. cxb4 dxe4 15. fxe4
Rxb4 16. Rac1 exd4 17. Bxd4 Rxa4 18. Bc3 Qb6 19. Qc2 Rb4 20. Bxb4 Qxb4 21. Qxc6
Qxb2 22. Qb5 Qe5 23. Ra1 Qxb5 24. Bxb5 Nc5 25. Rxa5 Nfxe4 26. Bc4 Nb7 27. Ra2
Nbd6 28. Bd5 Nf6 29. Bb3 Nf5 30. Ra7 h5 31. Rc1 Nh6 32. Nf4 Bf5 33. Rcc7 Ne4
34. Ra4 Nxf2 35. Kxf2 Be5 36. Rc5 Ng4+ 37. Ke2 Bd6 38. Rd5 Bxf4 39. Rxf4 Be6
40. Rb5 Bxb3 41. Rxb3 Nxh2 42. Rb7 Ng4 43. Re4 Kg7 44. Kf3 Nh6 45. Ree7 Kf6 46.
Rec7 Re8 47. Rb6+ Kg7 48. Rbb7 Re1 49. Rb2 Re5 50. g3 Ng4 51. Rc3 Re7 52. Rcb3
Re6 53. Kg2 Ne3+ 54. Kf3 Nf5 55. Rd3 Rc6 56. Rb7 Rc1 57. Rb2 Rc4 58. Kf2 Kf6
59. Rb7 Rc2+ 60. Kf3 1/2-1/2

[Event "PRVA LIGA  CENTRALNE SRBIJE"]
[Site "Vrnjacka Banja"]
[Date "2012.10.05"]
[Round "9.1"]
[White "Rajkovic, Dusan"]
[Black "Marcetic, Nikola"]
[Result "0-1"]
[WhiteElo "2409"]
[BlackElo "2382"]
[PlyCount "52"]
[EventDate "2012.09.29"]

1. d4 d5 2. c4 c6 3. Nf3 Nf6 4. Nc3 dxc4 5. a4 Bg4 6. Ne5 Bh5 7. Nxc4 e6 8. Qb3
Na6 9. a5 Bb4 10. Ra4 Qe7 11. e3 O-O 12. Ne5 c5 13. Bxa6 bxa6 14. O-O Qc7 15.
Nd3 cxd4 16. Nxb4 dxc3 17. Qxc3 Qd7 18. b3 Rac8 19. Qa1 Be2 20. Re1 Bb5 21. Ra3
Qd6 22. Na2 Rc2 23. Nc3 Qb4 24. Bb2 Qh4 25. Nd1 Ng4 26. Be5 Nxe5 0-1

[Event "PRVA LIGA  CENTRALNE SRBIJE"]
[Site "Vrnjacka Banja"]
[Date "2012.10.05"]
[Round "9.1"]
[White "Vuckovic, Branko"]
[Black "Ristic, Nenad"]
[Result "1/2-1/2"]
[WhiteElo "2258"]
[BlackElo "2422"]
[PlyCount "91"]
[EventDate "2012.09.29"]

1. e4 c5 2. Nf3 d6 3. d4 cxd4 4. Nxd4 Nf6 5. Nc3 g6 6. f4 Nc6 7. Nxc6 bxc6 8.
e5 Nd7 9. Qf3 d5 10. Be2 e6 11. Be3 Qa5 12. O-O Rb8 13. Nd1 Be7 14. c3 O-O 15.
Qh3 Qa4 16. Rf3 f5 17. Bf2 Rf7 18. c4 Nc5 19. Ra3 Qc2 20. Kf1 Ne4 21. Bd3 Nxf2
22. Bxc2 Nxh3 23. Rxh3 dxc4 24. Ba4 Rb4 25. Bxc6 c3 26. Rxc3 Rxf4+ 27. Kg1 Bb4
28. Be8 Bxc3 29. Bxf7+ Kxf7 30. Nxc3 Rd4 31. Rd1 Rxd1+ 32. Nxd1 g5 33. Nc3 Bd7
34. Kf2 Kg6 35. g3 Bc6 36. b4 Kh5 37. b5 Bb7 38. Ne2 Kg4 39. Nd4 Bd5 40. a4 f4
41. a5 h5 42. b6 fxg3+ 43. hxg3 axb6 44. axb6 h4 45. gxh4 gxh4 46. Kg1 1/2-1/2

[Event "PRVA LIGA  CENTRALNE SRBIJE"]
[Site "Vrnjacka Banja"]
[Date "2012.10.05"]
[Round "9.2"]
[White "Pavlovic, Dejan S"]
[Black "Kasparov, Sergey"]
[Result "1/2-1/2"]
[WhiteElo "2406"]
[BlackElo "2482"]
[PlyCount "63"]
[EventDate "2012.09.29"]

1. e4 c6 2. d4 d5 3. e5 Bf5 4. h4 h5 5. c4 e6 6. Nc3 Be7 7. cxd5 cxd5 8. Bd3
Bxd3 9. Qxd3 Nc6 10. Nf3 Bb4 11. Bd2 Nge7 12. a3 Bxc3 13. Bxc3 Nf5 14. g3 Qb6
15. O-O a6 16. Rac1 Qb3 17. Rcd1 Rc8 18. Qd2 Na7 19. Rc1 Nb5 20. Kg2 Nxc3 21.
Rxc3 Rxc3 22. Qxc3 Qxc3 23. bxc3 Kd7 24. Rb1 b5 25. a4 bxa4 26. Rb4 a5 27. Rxa4
Ra8 28. Kf1 Ne7 29. Ke2 Nc6 30. Ne1 Rb8 31. Nd3 Rb1 32. Kd2 1/2-1/2

[Event "PRVA LIGA  CENTRALNE SRBIJE"]
[Site "Vrnjacka Banja"]
[Date "2012.10.05"]
[Round "9.2"]
[White "Marinkovic, Slavisa"]
[Black "Boskovic, Drasko"]
[Result "0-1"]
[WhiteElo "2398"]
[BlackElo "2431"]
[PlyCount "106"]
[EventDate "2012.09.29"]

1. e4 c5 2. Nf3 Nc6 3. d4 cxd4 4. Nxd4 g6 5. c4 Nf6 6. Nc3 d6 7. Be2 Nxd4 8.
Qxd4 Bg7 9. Be3 O-O 10. Qd2 a5 11. O-O a4 12. Rad1 Qa5 13. Bd4 Be6 14. f4 Rfc8
15. b3 axb3 16. axb3 Kh8 17. f5 Bd7 18. Qe3 Bc6 19. Nd5 Bxd5 20. exd5 Qc7 21.
g4 Kg8 22. g5 Nd7 23. Bxg7 Kxg7 24. fxg6 hxg6 25. Qxe7 Ne5 26. Qf6+ Kg8 27. Rf4
Qd8 28. Qxd8+ Rxd8 29. b4 b6 30. Rc1 Ra4 31. Rb1 Ra2 32. Bf1 Rc8 33. Rf6 Rd8
34. Rf2 Ra3 35. Rc1 Nf3+ 36. Kh1 Nxg5 37. Bg2 Re8 38. c5 bxc5 39. bxc5 dxc5 40.
Rxc5 Ra1+ 41. Rf1 Ree1 42. Kg1 Ne4 43. Rc2 Rxf1+ 44. Bxf1 Rd1 45. Kg2 Rxd5 46.
Bc4 Rd7 47. Kf3 Nf6 48. Ra2 Kg7 49. Ra5 Rc7 50. Ba2 Nh5 51. h4 Kh6 52. Ra8 Rd7
53. Bc4 Rd4 0-1

[Event "PRVA LIGA  CENTRALNE SRBIJE"]
[Site "Vrnjacka Banja"]
[Date "2012.10.05"]
[Round "9.2"]
[White "Misailovic, Nebojsa"]
[Black "Zivkovic, Sava"]
[Result "1-0"]
[WhiteElo "2313"]
[BlackElo "2351"]
[PlyCount "119"]
[EventDate "2012.09.29"]

1. e4 c5 2. Nc3 Nc6 3. g3 g6 4. Bg2 Bg7 5. d3 e6 6. Be3 d6 7. Qd2 Nge7 8. Bh6
Bxh6 9. Qxh6 Qb6 10. Nge2 Nd4 11. Nxd4 cxd4 12. Nd1 Ng8 13. Qd2 h5 14. h4 Nf6
15. c3 e5 16. cxd4 Qxd4 17. Nc3 Bd7 18. O-O O-O 19. Kh1 Bc6 20. Rad1 Ng4 21.
Kg1 Kg7 22. Bh3 Nf6 23. Kh2 d5 24. Ne2 Qb6 25. f4 dxe4 26. fxe5 Nd5 27. d4 e3
28. Qc2 Bb5 29. Rfe1 Rad8 30. a3 Qa6 31. Bf1 Rc8 32. Qe4 Bc6 33. Nf4 Nxf4 34.
Qxf4 Qb6 35. Qf6+ Kh7 36. b4 Ba4 37. Qxb6 axb6 38. Rd3 Rc2+ 39. Kg1 Bb5 40.
Rdxe3 Bxf1 41. Rxf1 Rd2 42. Rf4 Kg8 43. Ref3 b5 44. Rf6 Rxd4 45. e6 Re4 46.
exf7+ Kg7 47. Rb6 Rxf7 48. Rxf7+ Kxf7 49. Rxb7+ Kf6 50. Rxb5 Re3 51. a4 Rxg3+
52. Kf2 Rh3 53. a5 Ra3 54. Ke2 Ke6 55. Kd2 Kd7 56. Rb6 Rh3 57. a6 Kc7 58. Rb7+
Kc8 59. Rb5 Rxh4 60. a7 1-0

[Event "PRVA LIGA  CENTRALNE SRBIJE"]
[Site "Vrnjacka Banja"]
[Date "2012.10.05"]
[Round "9.2"]
[White "Begus, Drasko"]
[Black "Colovic, Dusan"]
[Result "1/2-1/2"]
[WhiteElo "2314"]
[BlackElo "2383"]
[PlyCount "73"]
[EventDate "2012.09.29"]

1. d4 d6 2. g3 Nd7 3. Bg2 e5 4. e4 Ngf6 5. Ne2 c6 6. a4 Be7 7. Nbc3 b6 8. O-O
a6 9. h3 h5 10. Be3 Qc7 11. f4 Bb7 12. Qe1 b5 13. axb5 cxb5 14. Qf2 b4 15. fxe5
dxe5 16. Nd5 Bxd5 17. exd5 e4 18. Rac1 O-O 19. c4 bxc3 20. Nxc3 Qd8 21. Nxe4
Nxd5 22. Bd2 Rb8 23. Bc3 f5 24. Nc5 Nxc5 25. dxc5 Nxc3 26. bxc3 Rb5 27. Kh1
Bxc5 28. Qa2+ Kh7 29. Qxa6 Rb2 30. Rcd1 Qg5 31. Rf3 Re8 32. Qd3 g6 33. Qc4 Qe7
34. Rfd3 Qe1+ 35. Rxe1 Rxe1+ 36. Kh2 Bg1+ 37. Kh1 1/2-1/2

[Event "PRVA LIGA  CENTRALNE SRBIJE"]
[Site "Vrnjacka Banja"]
[Date "2012.10.05"]
[Round "9.2"]
[White "Civric, Zdravko"]
[Black "Ignjatovic, Predrag"]
[Result "0-1"]
[WhiteElo "2215"]
[BlackElo "2294"]
[PlyCount "70"]
[EventDate "2012.09.29"]

1. e4 e5 2. Nf3 Nc6 3. Bc4 Bc5 4. Nc3 Nf6 5. d3 d6 6. Bg5 h6 7. Bxf6 Qxf6 8.
Nd5 Qd8 9. c3 a6 10. b4 Ba7 11. h3 O-O 12. O-O Kh8 13. Ne3 Be6 14. Bxe6 fxe6
15. Ng4 Qe8 16. a4 Qh5 17. Ne3 Rf4 18. Nh2 Qg6 19. Kh1 Raf8 20. Qe2 Ne7 21. g3
R4f6 22. Ra2 h5 23. h4 d5 24. Nd1 c6 25. exd5 Nf5 26. Ne3 Bxe3 27. g4 hxg4 28.
Qxg4 Bf4 29. h5 Qh6 30. dxe6 Bxh2 31. Kxh2 Ne3 32. fxe3 Rxf1 33. Rg2 R1f5 34.
e7 Rxh5+ 35. Kg3 Qxe3+ 0-1

[Event "PRVA LIGA  CENTRALNE SRBIJE"]
[Site "Vrnjacka Banja"]
[Date "2012.10.05"]
[Round "9.2"]
[White "Ljubinkovic, Miodrag"]
[Black "Knezevic, Veljko"]
[Result "1-0"]
[WhiteElo "2276"]
[BlackElo "1915"]
[PlyCount "105"]
[EventDate "2012.09.29"]

1. d4 Nf6 2. Nf3 d5 3. c3 e6 4. Bf4 Bd6 5. Bg5 h6 6. Bh4 Nbd7 7. e3 c6 8. Nbd2
Qb6 9. Qb3 Qxb3 10. axb3 c5 11. Be2 O-O 12. O-O Ne4 13. Nxe4 dxe4 14. Nd2 f5
15. Nc4 Bc7 16. Be7 Re8 17. Bxc5 Nxc5 18. dxc5 Bd7 19. f3 Bc6 20. Rfd1 Bd5 21.
fxe4 Bxe4 22. Nd6 Bxd6 23. Rxd6 a6 24. b4 Rad8 25. Rad1 Rxd6 26. Rxd6 Re7 27.
b5 axb5 28. Bxb5 Kf7 29. b4 Rc7 30. Kf2 g5 31. g3 Kf6 32. Ke2 h5 33. Bd3 Bh1
34. Bb5 Be4 35. Bd7 Bd5 36. Kd3 Ke7 37. Bb5 Kf6 38. c4 Be4+ 39. Kd4 Re7 40. Bd7
h4 41. b5 hxg3 42. hxg3 Rh7 43. Bxe6 Rh2 44. Bd5+ Ke7 45. Bxe4 fxe4 46. Kxe4
Rc2 47. Rb6 Rxc4+ 48. Kd5 Rg4 49. Rxb7+ Ke8 50. b6 Rxg3 51. Rg7 Rxe3 52. b7 Rb3
53. b8=Q+ 1-0

[Event "PRVA LIGA  CENTRALNE SRBIJE"]
[Site "Vrnjacka Banja"]
[Date "2012.10.05"]
[Round "9.5"]
[White "Pantelic, Sasa"]
[Black "Atalik, Suat"]
[Result "1/2-1/2"]
[WhiteElo "2328"]
[BlackElo "2603"]
[PlyCount "95"]
[EventDate "2012.09.29"]

1. d4 Nf6 2. c4 g6 3. g3 Bg7 4. Bg2 O-O 5. Nc3 d6 6. Nf3 Nc6 7. O-O a6 8. b3
Rb8 9. Nd5 Ne4 10. Bb2 f5 11. e3 Bd7 12. Rc1 a5 13. Nc3 Nf6 14. d5 Nb4 15. Nd4
Ng4 16. a3 Na6 17. h3 Nh6 18. f4 Kh8 19. Re1 Nc5 20. Qc2 c6 21. b4 axb4 22.
axb4 Na6 23. b5 cxb5 24. Ncxb5 Nc5 25. Kh2 Kg8 26. Rb1 Rc8 27. Qe2 Qe8 28. Rec1
Qf7 29. Nf3 Bxb2 30. Rxb2 Qf6 31. Ng5 Nd3 32. Qxd3 Qxb2 33. Rb1 Qa2 34. Na3 Ra8
35. Rb3 Rfc8 36. Ne6 Nf7 37. Nd4 Nd8 38. h4 Nf7 39. Nac2 Nh6 40. Bf3 Ng4+ 41.
Bxg4 fxg4 42. h5 Ra4 43. hxg6 Raxc4 44. gxh7+ Kh8 45. Kg1 Rxc2 46. Nxc2 Rxc2
47. Qd4+ Kxh7 48. Qe4+ 1/2-1/2

[Event "PRVA LIGA  CENTRALNE SRBIJE"]
[Site "Vrnjacka Banja"]
[Date "2012.10.05"]
[Round "9.5"]
[White "Misic, Dragan"]
[Black "Mladenovic, Stefan"]
[Result "1-0"]
[WhiteElo "2294"]
[BlackElo "2264"]
[PlyCount "93"]
[EventDate "2012.09.29"]

1. d4 Nf6 2. Nf3 e6 3. g3 b5 4. Bg2 Bb7 5. O-O c5 6. c3 cxd4 7. cxd4 Be7 8. Bg5
d6 9. Qd3 a6 10. Nbd2 Nbd7 11. e4 e5 12. b4 h6 13. Be3 Ng4 14. d5 Nxe3 15. Qxe3
f5 16. Bh3 fxe4 17. Qxe4 O-O 18. Be6+ Kh8 19. Rac1 Rf6 20. Qd3 Nf8 21. Bh3 Bc8
22. Bxc8 Rxc8 23. Nh4 Qd7 24. Qe4 g5 25. Ng2 Ng6 26. Ne3 h5 27. Rc6 Rg8 28. Kh1
Bd8 29. Nf3 Ne7 30. Rxa6 Qb7 31. Rxd6 Ng6 32. Rxf6 Bxf6 33. Rc1 g4 34. Ne1 Qf7
35. Nd3 Ra8 36. Rc2 Ra3 37. d6 Ra7 38. Qf5 e4 39. Qxh5+ Kg8 40. Rc8+ Nf8 41.
Qxg4+ Kh8 42. Qxe4 Rxa2 43. Kg2 Bg5 44. d7 Qxd7 45. Rxf8+ Kg7 46. Rf5 Bxe3 47.
Qg4+ 1-0

[Event "PRVA LIGA  CENTRALNE SRBIJE"]
[Site "Vrnjacka Banja"]
[Date "2012.10.05"]
[Round "9.6"]
[White "Ivanovic, Dragutin"]
[Black "Djukic, Zeljko"]
[Result "0-1"]
[WhiteElo "2371"]
[BlackElo "2405"]
[PlyCount "126"]
[EventDate "2012.09.29"]

1. d4 c5 2. d5 Nf6 3. Nc3 d6 4. Bg5 g6 5. e4 Bg7 6. Nf3 h6 7. Bf4 O-O 8. Be2
Na6 9. O-O Nc7 10. a4 a6 11. Qd2 Kh7 12. h3 b6 13. Rfd1 Bb7 14. Rab1 b5 15. Qe3
Qd7 16. b3 Rfe8 17. b4 c4 18. Bh2 Nxe4 19. Nxe4 Nxd5 20. Rxd5 Bxd5 21. Nc3 Bc6
22. Rd1 Qb7 23. h4 Rad8 24. axb5 axb5 25. h5 g5 26. Nd4 e6 27. Nxc6 Qxc6 28.
Bf3 d5 29. Ne2 Kg8 30. c3 e5 31. Qd2 Rd6 32. Bxd5 Red8 33. Bxc6 Rxd2 34. Rxd2
Rxd2 35. Ng3 Rc2 36. f3 Rxc3 37. Bxb5 Rc2 38. Nf5 c3 39. Ne3 Rc1+ 40. Kf2 c2
41. Bd3 Rf1+ 42. Nxf1 c1=Q 43. Be4 Qb2+ 44. Kg1 Qxb4 45. g4 Bf8 46. Bg3 Bc5+
47. Bf2 Bd4 48. Bxd4 exd4 49. Kf2 Kg7 50. Ke2 Kf6 51. Nd2 Ke5 52. Bf5 Qb2 53.
Be4 Kf4 54. Bd3 f6 55. Bf5 Kg3 56. Be4 Kg2 57. Bd3 Qc1 58. Be4 Qg1 59. Kd3 Qe3+
60. Kc2 Qc3+ 61. Kd1 d3 62. f4+ Kh3 63. Bf3 Qa1+ 0-1

[Event "PRVA LIGA  CENTRALNE SRBIJE"]
[Site "Vrnjacka Banja"]
[Date "2012.10.05"]
[Round "9.6"]
[White "Sandic, Vladeta"]
[Black "Djokic, Vladan"]
[Result "0-1"]
[WhiteElo "2338"]
[BlackElo "2334"]
[PlyCount "58"]
[EventDate "2012.09.29"]

1. d4 Nf6 2. c4 e6 3. Nc3 Bb4 4. Qc2 c5 5. dxc5 O-O 6. a3 Bxc5 7. Nf3 b6 8. Bg5
Be7 9. e4 h6 10. Bh4 Bb7 11. Rd1 Nh5 12. Bxe7 Qxe7 13. Be2 Nf4 14. O-O f5 15.
Rfe1 Na6 16. Bf1 fxe4 17. Nxe4 Nc5 18. Nfd2 Qh4 19. f3 d5 20. Ng3 Rac8 21. b4
Nd7 22. Qa4 Rc7 23. cxd5 Bxd5 24. Rc1 Rxc1 25. Rxc1 Nh3+ 26. gxh3 Qd4+ 27. Kh1
Qxd2 28. Rc2 Bxf3+ 29. Kg1 Qd4+ 0-1

[Event "PRVA LIGA  CENTRALNE SRBIJE"]
[Site "Vrnjacka Banja"]
[Date "2012.10.05"]
[Round "9.6"]
[White "Djukic, Stevan"]
[Black "Sorgic, Dragan"]
[Result "1/2-1/2"]
[WhiteElo "2256"]
[BlackElo "2257"]
[PlyCount "103"]
[EventDate "2012.09.29"]

1. d4 d6 2. e4 Nf6 3. f3 g6 4. c4 Bg7 5. Nc3 O-O 6. Bg5 c5 7. d5 h6 8. Be3 e6
9. Qd2 exd5 10. cxd5 Re8 11. Nge2 h5 12. Nf4 a6 13. a4 Nbd7 14. Be2 Ne5 15. O-O
Bd7 16. h4 Rf8 17. g3 Ne8 18. Rfb1 b5 19. axb5 axb5 20. Rxa8 Qxa8 21. b4 cxb4
22. Na2 Qa3 23. Nxb4 Nxf3+ 24. Bxf3 Bc3 25. Qc1 Bxb4 26. Qxa3 Bxa3 27. Nd3 Nc7
28. Bb6 Rc8 29. Ra1 b4 30. Ba5 Na6 31. Bxb4 Nxb4 32. Rxa3 Nc2 33. Ra2 Bb5 34.
Nf4 Nd4 35. Kf2 Nxf3 36. Kxf3 Rc3+ 37. Kf2 Kg7 38. Rb2 Rc5 39. Ke3 Kf6 40. Kd4
Rc4+ 41. Ke3 Ba4 42. Rb6 Bc2 43. Rc6 Rxe4+ 44. Kf3 Bb1 45. Rb6 Re1 46. Rxd6+
Kf5 47. Rd7 Kf6 48. Rd6+ Ke7 49. Rb6 Bf5 50. Rb7+ Ke8 51. Rb8+ Ke7 52. Rb7+
1/2-1/2

[Event "PRVA LIGA  CENTRALNE SRBIJE"]
[Site "Vrnjacka Banja"]
[Date "2012.10.05"]
[Round "9.6"]
[White "Nikolic, Dragovan"]
[Black "Stankovic, Dejan"]
[Result "0-1"]
[WhiteElo "2239"]
[BlackElo "2267"]
[PlyCount "133"]
[EventDate "2012.09.29"]

1. d4 d5 2. Nf3 Nf6 3. Bf4 c5 4. c3 Qb6 5. Qb3 c4 6. Qxb6 axb6 7. Nbd2 b5 8.
Bxb8 Rxb8 9. a3 h6 10. e3 Ra8 11. Rc1 Bf5 12. Be2 e6 13. O-O Bd6 14. Rfe1 g5
15. Nf1 Ne4 16. N3d2 g4 17. Nxe4 dxe4 18. Nd2 h5 19. Bd1 Bg6 20. Bc2 f5 21. Ra1
Ke7 22. f3 exf3 23. gxf3 Be8 24. e4 Bf4 25. Nf1 Kf6 26. exf5 exf5 27. Ne3 Bc6
28. Nxf5 Rag8 29. Ng3 gxf3 30. Kf2 Bxg3+ 31. hxg3 h4 32. Be4 hxg3+ 33. Kxf3 Rh2
34. d5 Bd7 35. Ke3 Ke5 36. Rh1 Rxb2 37. Rh5+ Kd6 38. Kd4 Rg4 39. Rh6+ Kc7 40.
Rg6 Rxg6 41. Bxg6 Kd6 42. Be4 Bh3 43. a4 bxa4 44. Rxa4 g2 45. Ra1 Rf2 46. Rb1
b5 47. Ra1 Rf1 48. Ra6+ Kd7 49. Ra7+ Kd8 50. Ra8+ Kc7 51. d6+ Kxd6 52. Ra6+ Kc7
53. Ra7+ Kb6 54. Rb7+ Ka6 55. Bxg2 Bxg2 56. Rg7 Bb7 57. Kc5 Rf5+ 58. Kb4 Kb6
59. Rg1 Bc6 60. Re1 Rf2 61. Ka3 Kc5 62. Rb1 Rf3 63. Kb2 b4 64. cxb4+ Kxb4 65.
Rc1 Rf2+ 66. Ka1 c3 67. Rb1+ 0-1